TV soundtracks × 2010's opening credits II (audio) Quiz Stats

 Plays Quiz not verified by Sporcle

Score 0/20 Timer 15:00
0 Plays Today
# TV Show % Correct


03

Sherlock
67.9%


19

Stranger things
64.3%


01

American horror story
57.1%


17

The walking dead
55.4%


20

Westworld
37.5%


07

The 100
35.7%


15

Vikings
32.1%


12

Daredevil
26.8%


18

Victoria
17.9%


05

The Shannara chronicles
16.1%
# TV Show % Correct


11

The crown
14.3%


14

The affair
10.7%


02

Good behavior
8.9%


13

Sense8
8.9%


16

The leftovers
8.9%


06

12 monkeys
7.1%


08

Animal kingdom
7.1%


09

Da Vinci's demons
7.1%


10

Taboo
5.4%


04

Magic city
3.6%

You're not logged in!

Compare scores with friends on all Sporcle quizzes.
OR
Log In

Sporcle TV

Today on Sporcle TV


Watch our educational content, quiz creation guides, and fun videos on Sporcle TV.

Show Comments

Extras

Top Quizzes Today


Score Distribution

Your Account Isn't Verified!

In order to create a playlist on Sporcle, you need to verify the email address you used during registration. Go to your Sporcle Settings to finish the process.

Report this User

Report this user for behavior that violates our Community Guidelines.

Details: